Prophet singer (Record no. 240631)
[ view plain ]
| 000 -LEADER | |
|---|---|
| fixed length control field | 01989nam a2200409 a 4500 |
| 082 04 - DEWEY DECIMAL CLASSIFICATION NUMBER | |
| Classification number | 782.42162/130092 |
| -- | B |
| 100 1# - MAIN ENTRY--AUTHOR NAME | |
| Personal name | Jackson, Mark Allan. |
| 245 10 - TITLE STATEMENT | |
| Title | Prophet singer |
| 250 ## - EDITION STATEMENT | |
| Edition statement | 1st ed. |
| 260 ## - PUBLICATION, DISTRIBUTION, ETC. (IMPRINT) | |
| Place of publication | Jackson : |
| Name of publisher | University Press of Mississippi, |
| Year of publication | 2007. |
| 300 ## - PHYSICAL DESCRIPTION | |
| Number of Pages | viii, 303 p. : |
| Other physical details | ill. |
| 490 1# - SERIES STATEMENT | |
| Series statement | American made music series |
| 505 0# - FORMATTED CONTENTS NOTE | |
| Formatted contents note | Is this song your song anymore? : revisioning "this land is your land" -- Busted, disgusted, down and out : documenting the stories of America's agricultural workers -- The poor, hard-working man blues ; documenting the troubles of other American workers -- Skin trouble : documenting race and redemption -- Stepping outside the law : class consciousness in Guthrie's outlaw songs -- The union feeling : tracing a vision of a better world. |
| 650 #0 - SUBJECT ADDED ENTRY--TOPICAL TERM | |
| Topical Term | Folk singers |
| Topical Term | Folk music |
| 856 40 - ELECTRONIC LOCATION AND ACCESS | |
| Uniform Resource Identifier | http://site.ebrary.com/lib/rucke/Doc?id=10218407 |
No items available.
